00430nam a2200157Ia 4500003000400000008004100004040001600045082001300061100002700074245004700101260005200148300001000200490002500210650001500235650002200250GCL140319s9999 xx 000 0 eng d aGCL / cGCL04a843bJ C1 aJEAN, JACQUES ROUSSEAU10aLES CONFESSIONS / cJEAN, JACQUES ROUSSEAU a[S.N] : bLIBRAIRE GENERALE FRANCAISE ، c1993 a500 P aLE LIVRE DE POCHEv004aLITERATURE04aFRENCH LITERATURE